[Event "♥HERO CUP♥《★2015★》 (knockout) 10day+1day/move"]
[Site "SchemingMind.com"]
[Date "2015.05.13"]
[Round "-"]
[White "palberto63"]
[Black "Ramesh Panwar"]
[Result "1/2-1/2"]
[WhiteCountry "CUB"]
[BlackCountry "IND"]
[WhiteElo "2332"]
[WhiteRD "77"]
[BlackElo "2359"]
[BlackRD "55"]
[GameID "379830"]

1. d4 Nf6 2. c4 g6 3. g3 Bg7 4. Nf3 O-O 5. Bg2 c6 6. Nc3 d5 7. cxd5 cxd5 8. Ne5 Nc6 9. O-O Bf5 10. Nxc6 bxc6
11. Bf4 Qb6 12. Na4 Qb5 13. b3 Nd7 14. Qd2 Rfe8 15. Rac1 e5 16. Nc3 Qb4 17. dxe5 Nxe5 18. Rfd1 a5 19. h3 h5 20. Na4 Rac8
21. Nc5 Ra8 22. Bh6 Qxd2 23. Bxd2 Nd7 24. e3 Bb2 25. Nxd7 Bxd7 26. Rc2 Bg7 27. e4 dxe4 28. Be3 Be6 29. Bxe4 Bxb3 30. axb3 Rxe4
31. Rxc6=
1/2-1/2

[Event "♥HERO CUP♥《★2015★》 (knockout) 10day+1day/move"]
[Site "SchemingMind.com"]
[Date "2015.08.24"]
[Round "-"]
[White "mmccaffe"]
[Black "Adrian Grajczak"]
[Result "0-1"]
[WhiteCountry "USA"]
[BlackCountry "POL"]
[WhiteElo "1652"]
[WhiteRD "79"]
[BlackElo "2128"]
[BlackRD "86"]
[GameID "386209"]

1. d4 d6 2. c4 e5 3. dxe5 dxe5 4. Nc3 c6 5. Qxd8+ Kxd8 6. Bg5+ f6 7. Bh4 Be6 8. O-O-O+ Nd7 9. e4 Nh6 10. f3 Bc5
11. Na4 Be3+ 12. Kb1 Kc7 13. Ne2 Bxc4
0-1

[Event "♥HERO CUP♥《★2015★》 (knockout) 10day+1day/move"]
[Site "SchemingMind.com"]
[Date "2015.08.24"]
[Round "-"]
[White "Adrian Grajczak"]
[Black "mmccaffe"]
[Result "0-1"]
[WhiteCountry "POL"]
[BlackCountry "USA"]
[WhiteElo "2128"]
[WhiteRD "86"]
[BlackElo "1652"]
[BlackRD "79"]
[GameID "386210"]

1. e4 e6 2. d3 d5 3. Nd2 dxe4 4. dxe4 Nf6 5. Ngf3 Nc6 6. Be2 Bc5 7. c3 O-O 8. O-O b6 9. b4 Be7 10. Qc2 Bb7
11. Rd1 Qc8 12. Nf1 Rd8 13. Bf4 Rxd1 14. Rxd1 Qe8 15. Bxc7 Rc8 16. Bf4 Nxb4 17. Qb3 Nc6 18. e5 Nd5 19. Bc1 Na5 20. Qb2 Nc4
0-1

[Event "♥HERO CUP♥《★2015★》 (knockout) 10day+1day/move"]
[Site "SchemingMind.com"]
[Date "2015.10.23"]
[Round "-"]
[White "VADERVADER"]
[Black "mmccaffe"]
[Result "1-0"]
[WhiteCountry "POL"]
[BlackCountry "USA"]
[WhiteElo "2312"]
[WhiteRD "106"]
[BlackElo "1701"]
[BlackRD "75"]
[GameID "389155"]

1. d4 d5 2. c4 e6 3. Nf3 Nf6 4. Bg5 Be7 5. e3 Nbd7 6. cxd5 exd5 7. Nc3 c6 8. Bd3 h6 9. Bh4 O-O 10. Qc2 Re8
11. O-O Nf8 12. Ne5 N6d7 13. Bxe7 Qxe7 14. Nf3 Nf6 15. Rae1 Ne4 16. a4 Bg4 17. Ne5 Bf5 18. f3 f6 19. fxe4 fxe5 20. Rxf5
1-0

[Event "♥HERO CUP♥《★2015★》 (knockout) 10day+1day/move"]
[Site "SchemingMind.com"]
[Date "2015.10.24"]
[Round "-"]
[White "mmccaffe"]
[Black "VADERVADER"]
[Result "0-1"]
[WhiteCountry "USA"]
[BlackCountry "POL"]
[WhiteElo "1701"]
[WhiteRD "75"]
[BlackElo "2312"]
[BlackRD "106"]
[GameID "389156"]

1. e4 e5 2. Nf3 Nc6 3. Bc4 Bc5 4. d3 Nf6 5. O-O d6 6. h3 O-O 7. Nc3 h6 8. a3 a6 9. Be3 Bxe3 10. fxe3 b5
11. Bd5 Nxd5 12. Nxd5 Ne7 13. Qe2 Be6 14. Nxe7+ Qxe7 15. Nh2 c5 16. Rf3 c4 17. Rg3 cxd3 18. cxd3 Rac8 19. Qh5 Kh7 20. Rf1 Rc2
21. Rf2 Rfc8 22. Rgf3 g6
0-1

[Event "♥HERO CUP♥《★2015★》 (knockout) 10day+1day/move"]
[Site "SchemingMind.com"]
[Date "2015.12.08"]
[Round "-"]
[White "Ramesh Panwar"]
[Black "VADERVADER"]
[Result "1/2-1/2"]
[WhiteCountry "IND"]
[BlackCountry "POL"]
[WhiteElo "2408"]
[WhiteRD "71"]
[BlackElo "2363"]
[BlackRD "101"]
[GameID "391588"]

1. e4 e5 2. Nf3 Nf6 3. Nc3 Nc6 4. Bb5 Bb4 5. O-O O-O 6. Re1 Re8 7. Rb1 a6 8. Bxc6 dxc6 9. d3 h6 10. Bd2 Bg4
11. h3 Bh5 12. a3 Bd6= 13. Qe2 Nh7 14. Nd1 Qf6 15. g4 Bg6 16. Ne3 Nf8 17. Nf5 Ne6 18. b4 b6 19. a4 b5 20. Ra1 c5
21. axb5 axb5 22. Ra5 Rxa5 23. bxa5 Nd4 24. N3xd4 cxd4 25. Rb1 c6 26. Nxd6 Qxd6 27. f4=
1/2-1/2

[Event "♥HERO CUP♥《★2015★》 (knockout) 10day+1day/move"]
[Site "SchemingMind.com"]
[Date "2015.12.09"]
[Round "-"]
[White "VADERVADER"]
[Black "Ramesh Panwar"]
[Result "1/2-1/2"]
[WhiteCountry "POL"]
[BlackCountry "IND"]
[WhiteElo "2363"]
[WhiteRD "101"]
[BlackElo "2408"]
[BlackRD "71"]
[GameID "391589"]

1. d4 Nf6 2. c4 e6 3. Nf3 b6 4. g3 Bb7 5. Bg2 Be7 6. Nc3 O-O 7. O-O d5 8. Ne5 Nbd7 9. Bf4 c5 10. cxd5 Nxd5
11. Nxd5 exd5 12. dxc5 Nxc5 13. Rc1 Rc8 14. Qd2 Re8 15. Rfd1 f6 16. Nf3 Ne4 17. Qd3 Bc5 18. Nd4 Qd7 19. Be3 a5 20. a3 h6
21. Bf3 Re5 22. Kg2 Ng5 23. Bxg5 fxg5 24. h3 Rf8 25. Rc2 Re7 26. Qb5 Qxb5 27. Nxb5 Ref7 28. Nd4=
1/2-1/2